| 000 | 00344nam a2200133Ia 4500 | ||
|---|---|---|---|
| 008 | 240624s9999 xx 000 0 und d | ||
| 041 | _aeng | ||
| 082 | _a332.1 IRW | ||
| 100 | _aIRWIN NEIL | ||
| 245 | _aALCHEMISTS THREE CENTRAL BANKERS AND A W | ||
| 260 |
_c2013 _aNew Delhi _bPenguin |
||
| 300 | _axvii, : 430 : p. : cm. ; 21 | ||
| 365 |
_c _b38 |
||
| 999 |
_c28167 _d28167 |
||